All Jurassic World - Statistics

General Stats
  • This quiz has been taken 121 times
  • The average score is 6 of 15
Answer Stats
Hint Answer % Correct
What Velociraptor is Owen Grady's favorite? Blue
95%
What is the scariest dinosaur in Jurassic World? Indominus Rex
85%
A famous short-armed dinosaur with teeth as long as bananas? T Rex
85%
What is most used vehicle in Jurassic World? Jeep
68%
What is the smartest dinosaur in Jurassic World? Velociraptor
56%
Who is the biggest carnivore ever in Jurassic World? Mosasaur
52%
What is the largest land carnivore in Jurassic World? Spinosaurus
47%
What Raptor seems like it doesn't exist in Jurassic World? Indoraptor
38%
What Doctor creates dinosaurs? Doctor Wu
36%
Who is Owen's very good friend? Claire Dearing
27%
Who is the hero of the day? Owen Grady
27%
What has a crocodile head and a T-Rex body in Jurassic World? Baryonyx
22%
Who wants to save the day all the time with Owen's help? Vic Hoskins
7%
Who says, "I like the sound of this one?" to the Stygimoloch? Franklin Webb
3%
What is the Indominus Rexs' crazy superpower? Turning colors
0%
No matching quizzes found
Score Distribution
Percent of People with Each Score
Percentile by Number Answered
Your Score History
You have not taken this quiz